LEADER 02687nam 22004693u 450 001 9910452056103321 005 20210106193948.0 010 $a9786610217885 035 $a(CKB)1000000000448434 035 $a(EBL)199439 035 $a(OCoLC)475906009 035 $a(MiAaPQ)EBC199439 035 $a(EXLCZ)991000000000448434 100 $a20140217d2013|||| u|| | 101 0 $aeng 135 $aur|n|---||||| 200 14$aThe Origins of the Second World War 1933-1941$b[electronic resource] 205 $a2nd ed. 210 $aHoboken $cTaylor and Francis$d2013 215 $a1 online resource (137 p.) 225 1 $aLancaster Pamphlets 300 $aDescription based upon print version of record. 311 $a0-415-33261-3 327 $aCover; Title; Copyright; Contents; Foreword; Acknowledgements; Timeline of key events; Map 1 Hitler's foreign policy: the struggle against Versailles. German territorial losses by the treaty; Map 2 Central and Western Pacific, 1921; Map 3 The Italian invasion of Abyssinia, 1935; Map 4 The execution of Hitler's plans: Germany in Europe, 1942; Introduction; 1 Long-term causes; 2 The years 1933-41; Nazi ideology; The consolidation of the Nazi regime; Early diplomacy and the challenge of German rearmament, 1933-5; The challenge of Japanese and Italian territorial expansion 327 $aThe remilitarization of the Rhineland and the Spanish civil warThe Anschluss with Austria and the Czechoslovak crisis, 1938; From European war to world war: Europe and the Far East, 1939-41; 3 The historical debate; 4 Guide to further reading; Index 330 $aUpdated and expanded throughout to take into consideration the most up-to-date historical research, this new edition of The Origins of the Second World War analyzes the reasons for the outbreak of the Second World War.Experienced historian Ruth Henig considers:* the long-term factors that led to war* the effect of British appeasement policies* the significance of American isolation* the ambitions of Italy, Japan and Russia.The Origins of the Second World War brings one of the most controversial historical topics to life for a whole gene 410 0$aLancaster Pamphlets 606 $aWorld War, 1939-1945 - Causes 606 $aWorld War, 1939-1945 608 $aElectronic books. 615 4$aWorld War, 1939-1945 - Causes. 615 4$aWorld War, 1939-1945. 676 $a940.53/11 676 $a940.5311 700 $aHenig$b Ruth$0569128 801 0$bAU-PeEL 801 1$bAU-PeEL 801 2$bAU-PeEL 906 $aBOOK 912 $a9910452056103321 996 $aThe Origins of the Second World War 1933-1941$92009231 997 $aUNINA LEADER 05636nam 2200601I 450 001 9910798931303321 005 20231115120532.0 010 $a9780472903412 010 $a0472903411 024 7 $a10.3998/mpub.12333333 035 $a(CKB)30020402200041 035 $a(MiAaPQ)EBC31169644 035 $a(MiU)0.3998/mpub.12333333 035 $a(Exl-AI)31169644 035 $a(ODN)ODN0010448648 035 $a(Au-PeEL)EBL31169644 035 $a(OCoLC)1409432146 035 $a(EXLCZ)9930020402200041 100 $a20231115h20242024 uy 0 101 0 $aeng 135 $aur||||||||||| 181 $ctxt$2rdacontent 182 $cc$2rdamedia 183 $acr$2rdacarrier 200 00$aState Institutions, civic associations, and identity demands $eregional movements in greater Southeast Asia /$fedited by Amy H. Liu and Joel Sawat Selway 205 $a1st ed. 210 1$aAnn Arbor, Michigan :$cUniversity of Michigan Press,$d2024. 210 4$d©2024 215 $a1 online resource (1 volume $cillustrations) 225 1 $aEmerging Democracies 300 $aTitle from eBook information screen.. 311 08$a9780472076079 311 08$a0472076078 320 $aIncludes bibliographical references (pages 269-296) and index. 327 $aContents -- List of Figures -- List of Tables -- Acknowledgments -- Introduction | Amy H. Liu and Joel Sawat Selway -- Part 1. State Institutions -- 1. State Institutions in South Malaysia: Singapore?s Entry and Exit, 1963?65 | Elvin Ong -- 2. State Institutions in North Taiwan versus South Taiwan: Hokkien Language Recognition | Chun-Ying Wu and Amy H. Liu -- 3. State Institutions in North Sumatra, Indonesia: National Identification of the Bataks | Risa J. Toha -- 4. State Institutions in North Philippines versus South Philippines: Contrasting the Onset of National Rebellion | Mary Anne S. Mendoza-Davé -- 5. State Institutions in East Malaysia versus West Malaysia: Containing Grievances in an Ethnoreligious Dominant Party System | Mohamed Salihin Subhan and Kai Ostwald -- 6. State Institutions in Northeast Thailand: Lao Ethnics and the Thai Identity | Jacob I. Ricks -- Part 2. Civic Associations -- 7. Civic Associations in East Timor, Indonesia: Lessons from Timor-Leste?s Independence Bids | S. P. Harish -- 8. Civic Associations in Bali, Indonesia: Coastal Reclamation and Ethnic Mobilization | Ryan Tans -- 9. Civic Associations in Northern Myanmar: Pan-Ethnic Nationalism and Sub-Ethnic Mobilization in Kachin State | Alexandre Pelletier -- 10. Civic Associations in Maluku, Indonesia: Explaining the Failure of the South Maluku Republic Movement | Jessica Soedirgo -- 11. Civic Associations in North Sulawesi, Indonesia: Ethnic Politics and the Level of Mobilization Problem for Bangsa Minahasa | Jeremy Menchik -- 12. Civic Associations in North Thailand: Cultural and Regional Movements in the Lanna Region | Joel Sawat Selway -- Part 3 -- 13. Conclusion: Necessary Conditions, Context Conditionality, and Democratic Theory | Amy H. Liu and Joel Sawat Selway -- Commentary. Regionalism in Comparative Perspective: A Cardinal Breakthrough in the Study of Ethnicity, Secession, and Political Violence | Henry E. Hale -- References -- Contributors -- Index$7Generated by AI. 330 3 $aWhile the media tends to pay the most attention to violent secessionist movements or peaceful independence movements, it is just as important to understand why there are regions where political movements for autonomy fail to develop. In neglecting regions without political movements or full-blown independence demands, theories may be partial at best and incorrect at worst. State Institutions, Civic Associations, and Identity Demands examines over a dozen regions, comparing and contrasting successful cases to abandoned, unsuccessful, or dormant cases. The cases range from successful secession (East Timor, Singapore) and ongoing secessionist movements (Southern Philippines), to internally divided regional movements (Kachin State), low-level regionalist stirrings (Lanna, Taiwan), and local but not regional mobilization of identity (Bali, Minahasan), all the way to failed movements (Bataks, South Maluku) and regions that remain politically inert (East and North Malaysia, Northeast Thailand). While each chapter is written by a country expert, the contributions rely on a range of methods, from comparative historical analysis, to ethnography, field interviews, and data from public opinion surveys. Together, they contribute important new knowledge on little-known cases that nevertheless illuminate the history of regions and ethnic groups in Southeast Asia. Although focused on Southeast Asia, the book identifies two factors that can explain why movements emerge and successfully develop and concludes with a chapter by Henry Hale that illustrates how this can be applied globally. 410 0$aWeiser Center for Emerging Democracies series. 606 $aMinorities$xPolitical activity$zSoutheast Asia 606 $aDemocracy$zSoutheast Asia 607 $aSoutheast Asia$xHistory$xAutonomy and independence movements 607 $aSoutheast Asia$xPolitics and government$y1945- 615 0$aMinorities$xPolitical activity 615 0$aDemocracy 686 $aPOL000000$aPOL009000$aPOL054000$2bisacsh 700 $aLiu$b Amy H$01545134 702 $aLiu$b Amy H. 702 $aSelway$b Joel 801 0$bEYM 801 1$bEYM 906 $aBOOK 912 $a9910798931303321 996 $aState Institutions, civic associations, and identity demands$94403633 997 $aUNINA